Identifikácia obrysu súčiastky z rastrového formátu výkresu : Diplomová práca

Gespeichert in:
Bibliographische Detailangaben
1. Verfasser: Masarik, Ľubomír (Verfasst von)
Weitere Verfasser: Palaj, Ján, 1979- (xxx)
Format: Manuskript Buch
Sprache:Slowakisch
Veröffentlicht: Trnava : STU v Bratislave MtF KAIA, 2004
Schlagworte:
Tags: Tag hinzufügen
Keine Tags, Fügen Sie das erste Tag hinzu!

MARC

LEADER 00000ntm a22000003a 4500
001 stu89225
005 20160719154703.9
008 040727s2004----xo------------------slo-d
040 |a STU  |b slo 
041 0 |a slo 
044 |a xo 
100 1 |a Masarik, Ľubomír  |4 aut 
245 1 |a Identifikácia obrysu súčiastky z rastrového formátu výkresu :  |b Diplomová práca 
260 |a Trnava :  |b STU v Bratislave MtF KAIA,  |c 2004 
300 |a 72 s  |c príl 
650 7 |a aplikovaná informatika a automatizácia v priemysle  |2 stusub 
700 1 |a Palaj, Ján,  |d 1979-  |4 xxx  |u M180  |U MTF Materiálovotechnologická fakulta  |T MTF Katedra aplikovanej informatiky a automatizácie  |X 41644  |U M180  |Y 166  |7 A000041644 
996 |b 284M059907  |c M*DP-5182  |l MMSKP  |s P  |a 0  |w stu89225_0001